000 00551aas a2200181 4500
999 _c50152
_d50152
001 768714001
003 CO-MdFUSB
005 20170914125650.0
008 170914s1999 ag ||||| |||| 00| 0 spa d
022 _a0326-6737
040 _aCO-MdFUSB
_bspa
_cCO-MdFUSB
_dCO-MdFUSB
041 _aspa
100 1 _aSosa, Pablo
_eautor
245 1 0 _a¿Pan y vino para todos?
_c/ Sosa, Pablo
300 _aVolumen 18 (1999), páginas 71-77
_c: 23 cm.
773 0 _tCuadernos de Teología
_049404
_959703
_gVolumen 18 (1999), páginas 71-77
_qPágina 71
942 _cANA